| 000 | 00512cam a2200193ua 4500 | ||
|---|---|---|---|
| 020 |
_a81 205 0038 5 _c175.00 |
||
| 041 |
_aeng _h |
||
| 082 |
_a631.37 _bZEL/MA |
||
| 100 | _aZelenin, A N . | ||
| 245 |
_aMachines for moving the earth ,Part l,ll / _cA N Zelenin. _hTextual Documents |
||
| 260 |
_aNew Delhi : _bOxonian Press Pvt Ltd , _c1954. |
||
| 300 | _a555 ; . | ||
| 365 | _a175.00 | ||
| 504 | _a | ||
| 700 | 1 | _aBalovoev, V I . | |
| 700 | 1 | _aKerov, . | |
| 942 | _cBK | ||
| 999 |
_c3281 _d3281 |
||